MARC details
| 000 -LEADER |
| fixed length control field |
04650cam a22004698i 4500 |
| 001 - CONTROL NUMBER |
| control field |
22235049 |
| 003 - CONTROL NUMBER IDENTIFIER |
| control field |
CSPC |
| 005 - DATE AND TIME OF LATEST TRANSACTION |
| control field |
20250430123952.0 |
| 008 - FIXED-LENGTH DATA ELEMENTS--GENERAL INFORMATION |
| fixed length control field |
210914s2022 enk b 001 0 eng |
| 010 ## - LIBRARY OF CONGRESS CONTROL NUMBER |
| LC control number |
2021045492 |
| 020 ## - INTERNATIONAL STANDARD BOOK NUMBER |
| International Standard Book Number |
9781108837767 |
| Qualifying information |
(hardback) |
| 040 ## - CATALOGING SOURCE |
| Original cataloging agency |
DNLM/DLC |
| Language of cataloging |
eng |
| Description conventions |
rda |
| Transcribing agency |
DLC |
| Modifying agency |
CSPC |
| 042 ## - AUTHENTICATION CODE |
| Authentication code |
pcc |
| 050 00 - LIBRARY OF CONGRESS CALL NUMBER |
| Classification number |
RC952.55 |
| 060 00 - NATIONAL LIBRARY OF MEDICINE CALL NUMBER |
| Classification number |
WT 100 |
| 082 00 - DEWEY DECIMAL CLASSIFICATION NUMBER |
| Classification number |
618.97 |
| Item number |
R271 |
| Edition number |
23 |
| 245 00 - TITLE STATEMENT |
| Title |
Reichel's care of the elderly : |
| Remainder of title |
clinical aspects of aging / |
| Statement of responsibility, etc. |
edited by Jan Busby-Whitehead, [and 5 others]. |
| 246 1# - VARYING FORM OF TITLE |
| Title proper/short title |
Care of the elderly |
| 250 ## - EDITION STATEMENT |
| Edition statement |
Eighth edition. |
| 263 ## - PROJECTED PUBLICATION DATE |
| Projected publication date |
2205 |
| 264 #1 - PRODUCTION, PUBLICATION, DISTRIBUTION, MANUFACTURE, AND COPYRIGHT NOTICE |
| Place of production, publication, distribution, manufacture |
New York, NY : |
| Name of producer, publisher, distributor, manufacturer |
Cambridge University Press, |
| Date of production, publication, distribution, manufacture, or copyright notice |
2022. |
| 300 ## - PHYSICAL DESCRIPTION |
| Extent |
xix, 799 pages : |
| Other physical details |
illustrations ; |
| Dimensions |
26 cm. |
| 336 ## - CONTENT TYPE |
| Content type term |
text |
| Content type code |
txt |
| Source |
rdacontent |
| 337 ## - MEDIA TYPE |
| Media type term |
unmediated |
| Media type code |
n |
| Source |
rdamedia |
| 338 ## - CARRIER TYPE |
| Carrier type term |
volume |
| Carrier type code |
nc |
| Source |
rdacarrier |
| 504 ## - BIBLIOGRAPHY, ETC. NOTE |
| Bibliography, etc. note |
Includes bibliographical references and index. |
| 505 0# - FORMATTED CONTENTS NOTE |
| Formatted contents note |
Part I. General Approach to Care of the Elderly -- 1. Essential principles in care of the elderly -- 2. The biology of aging -- 3. Comprehensive geriatric assessment -- 4. Prevention and screening -- 5. Appropriate use of medications in the elderly -- 6. Healthy aging: exercise and nutrition as medicine for older adults -- Part II. Geriatric Syndromes -- 7. Frailty -- 8. Gait impairment and falls -- 9. Evaluation and management of dizziness -- 10. Evaluation and management of dementia -- 11. Recognition, management and prevention of delirium -- Part III. Care of the Elderly by Organ System -- 12. Diagnosis and management of heart disease in the elderly -- 13. Hypertension in the elderly -- 14. Peripheral artery disease in the elderly -- 15. Neurologic problems in the elderly -- 16. Prevention, diagnosis and management of stroke and transient ischemic attack (TIA) in the elderly -- 17. Movement disorders in the elderly -- 18. Sleep disorders in the elderly -- 19. Clinical geropsychiatry -- 20. Unhealthy substance uses in older adults -- 21. Pulmonary issues in the elderly -- 22. Gastrointestinal disease in the elderly -- 23. Serious infections in the elderly -- 24. Human immunodeficiency virus (HIV) in the elderly -- 25. Renal disorders in the elderly -- 26. Urological issues in older adults -- 27. Urinary incontinence and fecal incontinence -- 28. Gynecologic issues in the elderly -- 29. Endocrine disorders in the elderly -- 30. Diabetes mellitus in the older adult -- 31. Lipid management in older patients -- 32. Osteoporosis and other metabolic bone disorders -- 33. Common rheumatologic diseases in the elderly -- 34. Musculoskeletal injuries in the elderly -- 35. Dermatologic conditions in the elderly -- 36. Pressure ulcers: practical considerations in prevention and treatment -- 37. Anemia and other hematological problems in the elderly -- 38. Cancer in the elderly -- 39. Eye problems of the aged -- 40. Geriatric otolaryngology -- 41. Dental care for the elderly patient -- 42. Foot health in the elderly -- Part IV. Principles of Care for the Elderly -- 43. Surgical care of the elderly -- 44. Rehabilitation in the elderly -- 45. Geriatric sexuality -- 46. Aging in adults with intellectual disabilities and severe and persistent mental illness -- 47. Community-based long-term care -- 48. Post-acute care and institutional long-term care -- 49. Palliative and end of life care -- 50. The mistreatment of older adults -- 51. Driving and the older adult -- 52. Integrative medicine in the care of the elderly -- 53. Implications of an aging society -- 54. Retirement: a contemporary perspective -- 55. Cultural competence and health literacy -- 56. Caregiving; 57. Performance improvement in a changing health care system -- 58. Health care organization and financing -- 59. Advance care planning: using values and orders in end-of-life care -- 60. Ethical decision-making in the care of the elderly. |
| 650 12 - SUBJECT ADDED ENTRY--TOPICAL TERM |
| Topical term or geographic name entry element |
Geriatrics |
| General subdivision |
Methods. |
| 650 22 - SUBJECT ADDED ENTRY--TOPICAL TERM |
| Topical term or geographic name entry element |
Aging |
| General subdivision |
Physiology. |
| 650 22 - SUBJECT ADDED ENTRY--TOPICAL TERM |
| Topical term or geographic name entry element |
Health services for the aged. |
| 700 1# - ADDED ENTRY--PERSONAL NAME |
| Personal name |
Busby-Whitehead, Jan, |
| Relator term |
editor. |
| 700 1# - ADDED ENTRY--PERSONAL NAME |
| Personal name |
Durso, Samuel C., |
| Relator term |
editor. |
| 700 1# - ADDED ENTRY--PERSONAL NAME |
| Personal name |
Arenson, Christine, |
| Relator term |
editor. |
| 700 1# - ADDED ENTRY--PERSONAL NAME |
| Personal name |
Palmer, Mary H., |
| Dates associated with a name |
editor. |
| 700 1# - ADDED ENTRY--PERSONAL NAME |
| Personal name |
Elon, Rebecca, |
| Relator term |
editor. |
| 700 1# - ADDED ENTRY--PERSONAL NAME |
| Personal name |
Reichel, William, |
| Relator term |
editor. |
| 776 08 - ADDITIONAL PHYSICAL FORM ENTRY |
| Relationship information |
Online version: |
| Title |
Reichel's care of the elderly |
| Edition |
8. |
| Place, publisher, and date of publication |
Cambridge ; New York, NY : Cambridge University Press, 2022 |
| International Standard Book Number |
9781108942751 |
| Record control number |
(DLC) 2021045493 |
| 906 ## - LOCAL DATA ELEMENT F, LDF (RLIN) |
| a |
7 |
| b |
cbc |
| c |
orignew |
| d |
1 |
| e |
ecip |
| f |
20 |
| g |
y-gencatlg |
| 942 ## - ADDED ENTRY ELEMENTS (KOHA) |
| Source of classification or shelving scheme |
Dewey Decimal Classification |
| Koha item type |
Books |
| Classification part |
618.97 |
| Item part |
R271 |
| Call number prefix |
NUR |
| Call number suffix |
2022 |
| Edition |
23 |
| Suppress in OPAC |
No |